Epištola o košatení

Bibliographic Details
Main Author: Svetoň, Ľuboš, 1962- (Author)
Format: Article
Language:Slovak
ISSN:1210-1982
Subjects:

MARC

LEADER 00000nab a2200000 a 4500
001 vtls008159624
003 SK-MaSNL
005 20260303074521.0
008 160314c2005 xo mr|p|||||||000 b|slo
015 |a SNBRB2005/06  |2 snkbucl 
038 |a SNKBUCL 
040 |a SNKBUCL  |b slo  |c SNKBUCL  |e AACR2 
041 0 |a slo 
044 |a xo  |c SK 
080 |a 82.09:821.162.4-32  |x (048)  |2 UDC-MRF-SK2 
080 |a 821.162.4-32  |x (048)  |2 UDC-MRF-SK2 
080 |a 821.162.4-94  |x (048)  |2 UDC-MRF-SK2 
100 1 |a Svetoň, Ľuboš,  |d 1962-  |4 aut  |9 103945 
245 1 0 |a Epištola o košatení  |c Ľuboš Svetoň 
650 0 7 |a autobiografické prózy, slovenské  |x recenzie  |2 snkbucl  |9 1077739 
773 0 |t Knižná revue  |g Roč. XV, č. 6 (2005), s. 5  |x 1210-1982 
787 0 8 |i Rec.:  |a Kadlečík, Ivan, 1938-  |t Žiť sa dá len autobiograficky  |d Levice : Koloman Kertész Bagala, 2004 
852 |a SNK  |b KIS3GCP 
958 |a RC 
958 |a LX 
999 |c 1771925  |d 1773855